000 00337nam a2200145Ia 4500
005 20251222152715.0
008 251222s9999||||xx |||||||||||||| ||spa||
020 _a9972-717-07-0
082 _a918.571.4/R62
100 _aRivera Martínez, Edgardo
245 0 _aRío Amazonas:
250 _a1a.ed.
264 _bTEAM,
942 _cLIB
999 _c29348
_d29348